| 000 | 01139cam a2200325 a 4500 | ||
|---|---|---|---|
| 001 | 2953619 | ||
| 003 | OSt | ||
| 005 | 20140311134811.0 | ||
| 008 | 901120s1990 nyu 000 0 eng | ||
| 010 | _a 90217997 | ||
| 020 |
_a0425124967 : _c$3.95 ($4.95 Can.) |
||
| 040 |
_aDLC _cDLC _dDLC |
||
| 043 | _an-us--- | ||
| 050 | 0 | 0 |
_aHG 2491 _b.H477 1990 |
| 082 | 0 | 0 |
_aM 332.10973 _220 _bH36 1990 |
| 100 | 1 | _aHeller, Warren G. | |
| 245 | 1 | 0 |
_aIs your money safe? _bhow to protect your savings in the current banking crisis _cHeller, Warren G. |
| 250 | _aBerkley ed. | ||
| 260 |
_aNew York _bBerkley Books _cc1990 |
||
| 300 |
_avii, 112 p. _c18 cm. |
||
| 650 | 0 |
_aBanks and banking _zUnited States. |
|
| 650 | 0 |
_aBanks and banking _xDeregulation _zUnited States. |
|
| 650 | 0 |
_aSavings and loan associations _zUnited States. |
|
| 650 | 0 |
_aDeposit insurance _zUnited States. |
|
| 650 | 0 |
_aFinancial institutions _zUnited States. |
|
| 906 |
_a7 _bcbc _corignew _d2 _encip _f19 _gy-gencatlg |
||
| 942 |
_2lcc _cBK _kM |
||
| 999 |
_c35823 _d35823 |
||